000 01923nam0a2200337 4500
001 RU\NLR\bibl\1332140
005 20260409075150.0
021 _aRU
_b2008-103768
_96110
035 _a(nilc)RSL-KNO-004168115
035 _a(NLR Aleph) 001317364
090 _a717719
_c717719
100 _a20081222d2008 |||y0rusy50 ca
101 0 _arus
102 _aRU
105 _ay |||||||||
200 1 _aСтимулирование инновационной деятельности малого и среднего бизнеса: законодательные аспекты
_fФедеральное собрание Российской Федерации, Гос. Дума, Ком. Гос. Думы по науке и наукоемким технологиям
_g[авт.-сост. В. Н. Лизун]
210 _aМосква
_cиздание Государственной Думы
_d2008
215 _a173, [2] с.
_d20
606 _aИнновационная деятельность
_xПравовое регулирование
_yРоссийская Федерация
_92357492
_3RU\NLR\auth\661408048
610 0 _aГосударство и право. Юридические науки -- Административное право -- Российская Федерация -- Организация управления народным хозяйством
686 _aХ621.14,0
_2rubbk
686 _aХ621.152
702 1 _aЛизун
_bВ. Н.
_gВладимир Николаевич
_4220
712 0 1 _4570
_aРоссийская Федерация
_bГосударственная Дума
_bКомитет по науке и наукоемким технологиям
_c2007-2011
_9755758
_3RU\NLR\AUTH\8810129472
801 0 _aRU
_bРКП
_c20081222
_grcr
801 1 _aRU
_bРГБ
_c20081222
801 2 _aRU
_bNLR
_c20090225
_grcr
942 _cBOOK
980 _aNB